ASME 2021 40th International Conference on Ocean, Offshore and Arctic Engineering Volume 1: Offshore Technology

Bibliographic Details
Format: Electronic Journal
Language:English
Published: ASME
Online Access:Full text available on ASME[2021-2021]
Off-campus access
LEADER 01002cas a2200181 a 4500
001 AALConferenceProceedingsASME000307
008 230101c9999 xx r poo 0 0eng d
020 |a 978-0-7918-8511-6 
040 |a BD-DhAAL  |c BD-DhAAL 
245 0 0 |h [electronic resource]  |a ASME 2021 40th International Conference on Ocean, Offshore and Arctic Engineering Volume 1: Offshore Technology 
260 |b ASME 
300 |a 1 online resource 
500 |a <strong>Off-Campus Access:</strong> Athens ID and Password Required 
500 |a <strong>On-Campus Access:</strong> No User ID or Password Required 
506 |a Electronic access restricted to authorized BRAC University faculty, staff and students 
538 |a Mode of access: Internet 
856 4 0 |z Full text available on ASME[2021-2021]  |u https://asmedigitalcollection.asme.org/OMAE/OMAE2021/volume/85116 
856 4 0 |z Off-campus access  |u https://go.openathens.net/redirector/bracu.ac.bd?url=https%3A%2F%2Fasmedigitalcollection.asme.org%2FOMAE%2FOMAE2021%2Fvolume%2F85116